Developed Countries Map Quiz - Statistics

General Stats
  • This quiz has been taken 1,403 times
    1,251 since last reset
  • The average score is 48 of 58
Answers on the Map
Answers color-coded by a green-red scale on the quiz's map according to % correct below.
 
Answer Stats
Countries % Correct
United Kingdom
99%
Canada
98%
France
98%
Italy
98%
Spain
98%
United States
98%
Germany
97%
Ireland
97%
Norway
97%
Sweden
97%
Finland
96%
Japan
96%
Portugal
96%
Australia
95%
Belgium
95%
Denmark
95%
Greece
94%
Netherlands
94%
Switzerland
94%
Austria
93%
New Zealand
93%
Poland
93%
Iceland
92%
South Korea
91%
Czech Republic
90%
Estonia
90%
Russia
90%
Latvia
89%
Lithuania
89%
Slovakia
89%
Slovenia
88%
Croatia
87%
Luxembourg
87%
Hungary
86%
Romania
86%
United Arab Emirates
84%
Saudi Arabia
83%
Bulgaria
82%
Andorra
79%
Argentina
79%
Malta
79%
Singapore
79%
Chile
78%
Qatar
78%
Liechtenstein
77%
Israel
76%
Belarus
73%
Oman
72%
Bahrain
70%
Kuwait
66%
Cyprus
65%
Uruguay
63%
Montenegro
61%
Malaysia
54%
Bahamas
46%
Brunei
46%
Kazakhstan
37%
Barbados
34%
No matching quizzes found
Score Distribution
Percent of People with Each Score
Percentile by Number Answered
Your Score History
You have not taken this quiz since the last reset